| Tag |
First Indicator |
Second Indicator |
Subfields |
| LEADER |
00000cam a2200000 4500 |
| 001 |
in00000081459 |
| 005 |
20151008052957.0 |
| 008 |
720815s1965 inu b 00000 eng u |
| 010 |
|
|
|a 65010034
|
| 035 |
|
|
|a (OCoLC)00382230
|
| 035 |
|
|
|9 AAH5707AM
|
| 040 |
|
|
|c KSU
|d TXA
|d UtOrBLW
|
| 049 |
|
|
|a TXAM
|c [411429]
|
| 050 |
|
0 |
|a JK518
|b .C63
|
| 092 |
|
|
|a 353.032
|b C821p
|
| 100 |
1 |
|
|a Cornwell, Elmer E.
|
| 245 |
1 |
0 |
|a Presidential leadership of public opinion /
|c [by] Elmer E. Cornwell, Jr.
|
| 264 |
|
1 |
|a Bloomington :
|b Indiana University Press,
|c 1965.
|
| 300 |
|
|
|a x, 370 pages :
|b illustrations ;
|c 22 cm.
|
| 336 |
|
|
|a text
|b txt
|2 rdacontent
|
| 337 |
|
|
|a unmediated
|b n
|2 rdamedia
|
| 338 |
|
|
|a volume
|b nc
|2 rdacarrier
|
| 504 |
|
|
|a Bibliographical references included in "notes" (pages 305-360).
|
| 650 |
|
0 |
|a Presidents
|z United States
|x Press conferences.
|
| 650 |
|
0 |
|a Government and the press
|z United States.
|
| 944 |
|
|
|a stk
|h REPL<105729>REP-LATEST<>REF<gmacmill>
|m Replacement on order
|
| 999 |
|
|
|a MARS
|
| 999 |
f |
f |
|s b2adaa9b-b294-3881-87e0-39adaf7efe0a
|i 374bc71b-9b40-3c15-99e7-ee63d2476eca
|t 0
|
| 952 |
f |
f |
|p ric
|a Texas A&M University
|b Rellis Campus
|c Joint Library Facility
|d Remote Storage
|t 0
|e JK518 .C63
|h Library of Congress classification
|i unmediated -- volume
|m A14800799795
|
| 952 |
f |
f |
|p normal
|a Texas A&M University
|b College Station
|c Sterling C. Evans Library
|d Evans: Library Stacks
|t 0
|e JK518 .C63
|h Library of Congress classification
|i unmediated -- volume
|m A14836057406
|
| 998 |
f |
f |
|a JK518 .C63
|t 0
|l Evans: Library Stacks
|
| 998 |
f |
f |
|a JK518 .C63
|t 0
|l Remote Storage
|